[Event "Washington State-chB"]
[Site "Redmond"]
[Date "2019.02.18"]
[Round "5"]
[White "Haining, Kyle"]
[Black "Perestjuk, Marko"]
[Result "1-0"]
[WhiteElo "2112"]
[BlackElo "2140"]
[PlyCount "81"]
[EventDate "2019.02.16"]
[EventType "tourn"]
[EventRounds "9"]
[EventCountry "USA"]
[SourceTitle "EXT 2023"]
[Source "ChessBase"]
[SourceDate "2022.10.05"]
[SourceVersion "1"]
[SourceVersionDate "2022.10.05"]
[SourceQuality "1"]

1. e4 c5 2. Nf3 d6 3. d4 cxd4 4. Nxd4 Nf6 5. Nc3 a6 6. Be3 e5 7. Nb3 Be6 8. Qd2 Be7 9. f3 0-0 10. 0-0-0 a5 11. a4 Nc6 12. g4 Nb4 13. g5 Nh5 14. Kb1 f5 15. gxf6 Rxf6 16. Rg1 Nf4 17. Bb5 Rc8 18. Nc1 d5 19. Bxf4 exf4 20. N1e2 Bc5 21. Nd4 Bf7 22. e5 Rg6 23. e6 Be8 24. Bxe8 Qxe8 25. Qxf4 Bxd4 26. Qxd4 Qxe6 27. Nxd5 Nxc2 28. Rxg6 hxg6 29. Qe4 Kf7 30. Rc1 Qa6 31. Rxc2 Qf1+ 32. Ka2 Rxc2 33. Qxc2 Qxf3 34. Qc7+ Kg8 35. Qxb7 Qe2 36. Qb3 Qxh2 37. Nf6+ Kf8 38. Qg8+ Ke7 39. Qxg7+ Ke6 40. Qxg6 Ke7 41. Qh7+ 1-0

[Event "PRO League Stage"]
[Site "Chess.com INT"]
[Date "2018.02.03"]
[Round "4"]
[White "Bora, Safal"]
[Black "Haining, Kyle"]
[Result "1-0"]
[WhiteElo "2370"]
[BlackElo "2148"]
[PlyCount "113"]
[EventDate "2018.01.18"]
[EventType "team-swiss (rapid)"]
[EventRounds "9"]
[EventCountry "USA"]
[SourceTitle "CBM 182 Extra"]
[Source "ChessBase"]
[SourceDate "2018.02.23"]
[SourceVersion "1"]
[SourceVersionDate "2018.02.23"]
[SourceQuality "1"]
[WhiteTeam "Pittsburgh Pawngrabbers"]
[BlackTeam "Seattle Sluggers"]
[WhiteTeamCountry "USA"]
[BlackTeamCountry "USA"]

1. Nf3 g6 2. g3 Bg7 3. Bg2 Nf6 4. 0-0 0-0 5. c4 c5 6. d4 cxd4 7. Nxd4 Nc6 8. Nc3 Ng4 9. e3 d6 10. b3 Nxd4 11. exd4 Nh6 12. Bb2 Nf5 13. Nd5 Rb8 14. Re1 e6 15. Ne3 Nxe3 16. Rxe3 b5 17. cxb5 Rxb5 18. Qe2 Ba6 19. Qd2 Rb8 20. Rc1 d5 21. Ba3 Re8 22. Bc5 Qd7 23. Qa5 Qb7 24. Qa4 Rec8 25. Rec3 Ra8 26. Bd6 Rxc3 27. Rxc3 Rc8 28. Rc7 Qb8 29. Rxc8+ Qxc8 30. Bc5 Bf8 31. b4 Bxc5 32. dxc5 Qb7 33. Bf1 Bxf1 34. Kxf1 Kf8 35. b5 Ke7 36. Qb4 Kd8 37. c6 Qe7 38. Qa5+ Qc7 39. Qb4 Qe7 40. Qd4 Kc8 41. a4 h5 42. h4 Qc7 43. Kg2 Qb6 44. Qf6 Qc7 45. Qd4 Qb6 46. Qh8+ Qd8 47. Qe5 Qc7 48. Qg7 Qe7 49. Qg8+ Kc7 50. Qa8 Kd6 51. Qb8+ Qc7 52. Qf8+ Qe7 53. Qc8 Qc7 54. Qh8 Kc5 55. Qc3+ Kd6 56. Qb4+ Ke5 57. Qf4# 1-0

[Event "Washington State-ch Premier"]
[Site "Redmond"]
[Date "2016.02.15"]
[Round "9"]
[White "Haining, Kyle"]
[Black "He, Samuel Fei"]
[Result "0-1"]
[WhiteElo "2111"]
[BlackElo "2129"]
[PlyCount "112"]
[EventDate "2016.02.06"]
[EventType "tourn"]
[EventRounds "9"]
[EventCountry "USA"]
[SourceTitle "EXT 2018"]
[Source "ChessBase"]
[SourceDate "2017.10.13"]
[SourceVersion "1"]
[SourceVersionDate "2017.10.13"]
[SourceQuality "1"]

1. e4 c5 2. Nf3 d6 3. d4 cxd4 4. Nxd4 Nf6 5. Nc3 a6 6. Be3 Ng4 7. Bg5 h6 8. Bh4 g5 9. Bg3 Bg7 10. Be2 h5 11. Bxg4 Bxg4 12. f3 Bd7 13. Qd2 Nc6 14. Bf2 Ne5 15. 0-0-0 Rc8 16. Nd5 Nc4 17. Qe1 e6 18. Nc3 Qa5 19. Nb3 Qc7 20. Bd4 Be5 21. g3 b5 22. Qf2 b4 23. Nb1 a5 24. f4 a4 25. fxe5 dxe5 26. Rhf1 Rh7 27. Nc5 exd4 28. Nxd7 Qxd7 29. Qxd4 Qc6 30. Rf2 b3 31. axb3 Na5 32. Nc3 axb3 33. Qa4 bxc2 34. Qxc6+ Nxc6 35. Kxc2 Ne5 36. Ra1 g4 37. Ra7 h4 38. b4 hxg3 39. hxg3 Rh3 40. Rg2 Nf3 41. Kb2 Ne1 42. Rg1 Rh2+ 43. Kb3 Nf3 44. Nb5 Nd2+ 45. Ka3 Rd8 46. Nc7+ Kf8 47. b5 Re2 48. Rh1 Rd3+ 49. Kb4 Rxe4+ 50. Kc5 Rxg3 51. b6 Rc4+ 52. Kb5 Rb3+ 53. Ka6 Rc6 54. Nb5 Nc4 55. Rb7 Rc5 56. Rh7 Ra3+ 0-1

[Event "Vancouver op"]
[Site "Vancouver"]
[Date "2015.08.23"]
[Round "5"]
[White "Haining, Kyle"]
[Black "Schill, William"]
[Result "1-0"]
[WhiteElo "2155"]
[BlackElo "2281"]
[PlyCount "79"]
[EventDate "2015.08.22"]
[EventType "swiss"]
[EventRounds "5"]
[EventCountry "USA"]
[SourceTitle "EXT 2017"]
[Source "ChessBase"]
[SourceDate "2016.10.25"]
[SourceVersion "1"]
[SourceVersionDate "2016.10.25"]
[SourceQuality "1"]

1. e4 c5 2. Nf3 Nc6 3. d4 cxd4 4. Nxd4 e5 5. Nb5 d6 6. c4 g6 7. N1c3 a6 8. Na3 Be6 9. Be2 Rc8 10. Nc2 Na5 11. b3 b5 12. Nd5 bxc4 13. Nce3 Bxd5 14. Nxd5 Nf6 15. Bg5 Be7 16. Nxe7 Qxe7 17. Bg4 0-0 18. Bxc8 Rxc8 19. Qf3 Kg7 20. 0-0 h6 21. Bxh6+ Kxh6 22. Qh3+ Kg7 23. Qxc8 cxb3 24. axb3 Nxb3 25. Rxa6 Nd2 26. Rd1 Ndxe4 27. f3 Nc5 28. Raxd6 Qa7 29. Kh1 Ne6 30. Qa6 Qf2 31. Qf1 Qh4 32. Qe1 Qh5 33. Qe3 e4 34. Rf1 Qb5 35. Rdd1 Ng5 36. h4 Ne6 37. fxe4 Qe5 38. Qf3 Nxe4 39. Qxf7+ Kh6 40. Rd3 1-0

[Event "Washington op"]
[Site "Lynnwood"]
[Date "2015.05.23"]
[Round "1"]
[White "Haining, Kyle"]
[Black "Zhang, Eric"]
[Result "1-0"]
[WhiteElo "2038"]
[BlackElo "1538"]
[PlyCount "135"]
[EventDate "2015.05.23"]
[EventType "swiss"]
[EventRounds "6"]
[EventCountry "USA"]
[SourceTitle "EXT 2017"]
[Source "ChessBase"]
[SourceDate "2016.10.25"]
[SourceVersion "1"]
[SourceVersionDate "2016.10.25"]
[SourceQuality "1"]

1. e4 c5 2. Nf3 Nc6 3. d4 cxd4 4. Nxd4 g6 5. c4 Nf6 6. Nc3 d6 7. Be2 Nxd4 8. Qxd4 Bg7 9. Be3 0-0 10. Qd2 a5 11. 0-0 a4 12. Rac1 Qa5 13. f3 Be6 14. b3 axb3 15. axb3 Rfc8 16. Rc2 Nd7 17. Rb1 Qb4 18. Nb5 Qxd2 19. Bxd2 Ne5 20. Nc3 Nc6 21. Rcc1 Nd4 22. Bd1 Nc6 23. Be3 Bxc3 24. Rxc3 Nb4 25. Bd4 f5 26. Re3 Bd7 27. Bc3 f4 28. Re2 Nc6 29. Rd2 Be8 30. Be2 Ra3 31. Bd1 Rca8 32. Kf2 Ra2 33. Ke2 Rxd2+ 34. Kxd2 Ra2+ 35. Rb2 Rxb2+ 36. Bxb2 Kf7 37. Bc3 e5 38. b4 b6 39. Bb3 Kf6 40. Kd3 Ne7 41. Be1 g5 42. Kc3 Ng6 43. Bf2 b5 44. cxb5 Bxb5 45. Bc4 Bc6 46. b5 Bb7 47. Bd5 Bc8 48. b6 Ne7 49. Ba8 Ba6 50. Kb4 Nc8 51. b7 Bxb7 52. Bxb7 Ne7 53. Kc4 Ke6 54. Kb5 Kd7 55. Bd5 h6 56. Kb6 h5 57. h3 h4 58. Kb7 Ng6 59. Bc6+ Ke7 60. Kc7 Nf8 61. Bd5 Nh7 62. Be1 Nf6 63. Bc6 Nh7 64. Bb4 Nf6 65. Bxd6+ Ke6 66. Bc5 Nh5 67. Bd5+ Kf6 68. Kd7 1-0

[Event "Washington State-ch Premier"]
[Site "Seattle"]
[Date "2015.02.14"]
[Round "5"]
[White "Levine, David M"]
[Black "Haining, Kyle"]
[Result "1/2-1/2"]
[WhiteElo "2195"]
[BlackElo "1952"]
[PlyCount "88"]
[EventDate "2015.02.07"]
[EventType "tourn"]
[EventRounds "9"]
[EventCountry "USA"]
[SourceTitle "EXT 2017"]
[Source "ChessBase"]
[SourceDate "2016.10.25"]
[SourceVersion "1"]
[SourceVersionDate "2016.10.25"]
[SourceQuality "1"]

1. d4 g6 2. e4 Bg7 3. Nc3 d6 4. Be3 a6 5. h3 b5 6. Bd3 Bb7 7. a4 b4 8. Nce2 Nf6 9. Ng3 h5 10. f3 Nbd7 11. c3 bxc3 12. bxc3 c5 13. N1e2 0-0 14. Nf1 Qc7 15. Nd2 a5 16. Rb1 Ba6 17. Bxa6 Rxa6 18. Rb5 Rb8 19. Kf2 Raa8 20. Qb3 Ne8 21. Rb1 Qa7 22. Rb7 Rxb7 23. Qxb7 Nc7 24. Qc6 Nb8 25. Qb7 Nd7 26. g4 hxg4 27. hxg4 Kf8 28. Qxa7 Rxa7 29. Nc4 Ke8 30. d5 Kd8 31. f4 Kc8 32. g5 Ra6 33. Ke1 Na8 34. Kd2 Nab6 35. Nb2 Kd8 36. Kd3 Ra8 37. Ng1 Kc7 38. Nf3 Rb8 39. Nd2 Rb7 40. Rh1 Rb8 41. Rh7 Rg8 42. Ndc4 e6 43. dxe6 fxe6 44. Nxb6 Nxb6 1/2-1/2

[Event "Washington Class-ch Masters"]
[Site "Lynnwood"]
[Date "2014.11.29"]
[Round "4"]
[White "Pupols, Viktors"]
[Black "Haining, Kyle"]
[Result "1/2-1/2"]
[WhiteElo "2072"]
[BlackElo "1967"]
[PlyCount "64"]
[EventDate "2014.11.28"]
[EventType "swiss"]
[EventRounds "6"]
[EventCountry "USA"]
[SourceTitle "EXT 2017"]
[Source "ChessBase"]
[SourceDate "2016.10.25"]
[SourceVersion "1"]
[SourceVersionDate "2016.10.25"]
[SourceQuality "1"]

1. d4 g6 2. c4 Bg7 3. Nc3 Nf6 4. e4 d6 5. Nf3 0-0 6. Bd3 c5 7. d5 e6 8. h3 exd5 9. cxd5 Re8 10. 0-0 a6 11. a4 Qc7 12. Re1 Nbd7 13. Bf4 Nh5 14. Bh2 Ne5 15. g4 Nxf3+ 16. Qxf3 Nf6 17. Qg3 Rd8 18. a5 b5 19. axb6 Qxb6 20. Re2 Bb7 21. Bc4 Ne8 22. Qd3 a5 23. Bf4 Ba6 24. Bxa6 Qxa6 25. Qxa6 Rxa6 26. Ra2 Rb8 27. Na4 Rb4 28. Bd2 Rb3 29. Bc3 Nc7 30. Bxg7 Kxg7 31. Nc3 Nb5 32. Nxb5 Rxb5 1/2-1/2

[Event "Washington State-ch Premier"]
[Site "Seattle"]
[Date "2014.02.16"]
[Round "8"]
[White "Haining, Kyle"]
[Black "Schill, William"]
[Result "1/2-1/2"]
[WhiteElo "1960"]
[BlackElo "2233"]
[PlyCount "51"]
[EventDate "2014.02.08"]
[EventType "tourn"]
[EventRounds "9"]
[EventCountry "USA"]
[SourceTitle "EXT 2017"]
[Source "ChessBase"]
[SourceDate "2016.10.25"]
[SourceVersion "1"]
[SourceVersionDate "2016.10.25"]
[SourceQuality "1"]

1. e4 c5 2. Nf3 d6 3. d4 cxd4 4. Nxd4 Nf6 5. Nc3 Bd7 6. Bg5 e6 7. f3 a6 8. Qd2 b5 9. g4 h6 10. Be3 Nc6 11. h4 Ne5 12. Be2 b4 13. Nd1 d5 14. Nf2 dxe4 15. f4 Nc6 16. 0-0-0 Qa5 17. Kb1 Nd5 18. Nxe4 Nxe3 19. Qxe3 Nxd4 20. Qxd4 Qc7 21. Nd6+ Bxd6 22. Qxd6 Qxd6 23. Rxd6 Bc8 24. Rhd1 Ke7 25. Bf3 Ra7 26. Bc6 1/2-1/2

[Event "Washington Class-ch Expert"]
[Site "Redmond"]
[Date "2012.11.23"]
[Round "4"]
[White "Haining, Kyle"]
[Black "Bishop, Alan"]
[Result "1-0"]
[WhiteElo "1918"]
[BlackElo "2000"]
[PlyCount "83"]
[EventDate "2012.11.23"]
[EventType "swiss"]
[EventRounds "6"]
[EventCountry "USA"]
[SourceTitle "EXT 2017"]
[Source "ChessBase"]
[SourceDate "2016.10.25"]
[SourceVersion "1"]
[SourceVersionDate "2016.10.25"]
[SourceQuality "1"]

1. e4 d6 2. d4 Nf6 3. Nc3 g6 4. f3 c6 5. Be3 Nbd7 6. Qd2 e5 7. Nge2 b5 8. d5 cxd5 9. Nxd5 Nxd5 10. Qxd5 Rb8 11. Nc3 a6 12. Qd2 Bb7 13. Be2 Nf6 14. Rd1 b4 15. Nd5 Nxd5 16. exd5 Bg7 17. Qxb4 Qc7 18. Qd2 0-0 19. 0-0 f5 20. c4 Bc8 21. b4 a5 22. b5 Bd7 23. Rb1 f4 24. Bf2 Bf5 25. Bd3 Bxd3 26. Qxd3 Rfc8 27. Rfc1 Re8 28. c5 dxc5 29. Rxc5 Qd7 30. b6 Bf8 31. Rxa5 Rec8 32. Rab5 Rc6 33. Qb3 Rd6 34. b7 Ra6 35. Qc4 Bd6 36. Rc1 Kg7 37. Rb3 Rxa2 38. Qc6 Qe7 39. Rb6 Ba3 40. Qc7 Qxc7 41. Rxc7+ Kh6 42. h3 1-0

[Event "US Open-113"]
[Site "Vancouver"]
[Date "2012.08.10"]
[Round "6"]
[White "Haining, Kyle"]
[Black "Nagase, Masayuki"]
[Result "1-0"]
[WhiteElo "1900"]
[BlackElo "1714"]
[PlyCount "69"]
[EventDate "2012.08.04"]
[EventType "swiss"]
[EventRounds "9"]
[EventCountry "USA"]
[SourceTitle "CBM 149 Extra"]
[Source "ChessBase"]
[SourceDate "2012.08.24"]
[SourceVersion "1"]
[SourceVersionDate "2012.08.24"]
[SourceQuality "1"]

1. e4 c5 2. Nf3 Nc6 3. d4 cxd4 4. Nxd4 g6 5. c4 Bg7 6. Be3 Nh6 7. Be2 0-0 8. 0-0 f5 9. f3 d6 10. Qd2 f4 11. Bf2 Ne5 12. Nc3 g5 13. g3 Bd7 14. Rac1 Rc8 15. b3 Ng6 16. Nd5 a6 17. Qb4 e6 18. Nb6 Bxd4 19. Bxd4 Rc6 20. c5 fxg3 21. hxg3 dxc5 22. Bxc5 Qc7 23. Kg2 Rc8 24. Nxc8 Bxc8 25. Be3 Nh4+ 26. Kf2 Qf7 27. e5 a5 28. Qe4 Ng6 29. Rxc6 bxc6 30. Bxg5 Nf5 31. Rd1 h6 32. Rd8+ Kh7 33. Bf6 Qc7 34. g4 Ng7 35. Bd3 1-0